000 00992nam0a2200265 i 4500
001 RU\NLR\bibl\2034613
005 20260406101256.0
010 _a9785991020787
_930000
_bРоссия
021 _aRU
_b2013-30686
_92106
035 _a(NLR Aleph) 002022193
090 _a4509957
_c4509957
100 _a20130520d2012 u y0rusy50 ca
101 1 _arus
_ceng
102 _aRU
_aUA
105 _ay |||||||||
200 1 _aСпасибо за воспоминания
_e[роман]
_fСесилия Ахерн
_g[пер. с англ. Игоря Толока
_gпредисл. С. Душкевича]
210 _aБелгород
_aХарьков
_cКлуб семейного досуга
_d2012
215 _a381 с.
_d21
686 _aШ6(4И)167-4{Лх1328}
700 1 _4070
_aАхерн
_bС.
_f1981-
_gСесилия
_3RU\NLR\auth\7779228
_962156
801 0 _aRU
_bNLR
_c20130520
_gRCR
801 1 _aRU
_bNLR
_c20130520
942 _cBOOK
980 _aNBR